000
00325nam a2200133Ia 4500
008
190216s9999||||xx |||||||||||||| ||und||
100
_a
Stephen G Kochan And Patrick H Wood
245
0
_a
Exploring The Unix System
250
_a
1st Ed.
260
_b
Cbs Publishers
_c
1987
300
_a
371
650
_a
Computer
942
_c
BK
999
_c
8442
_d
8442